BOLETIN INFORMATIVO - CENTRO DE DOCUMENTACION PEDAGOGICA (Record no. 59535)
[ view plain ]
| 000 -CABECERA | |
|---|---|
| campo de control de longitud fija | 00548nam a2200181 a 4500 |
| 005 - FECHA Y HORA DE LA ÚLTIMA TRANSACCIÓN | |
| campo de control | 20210219152726.0 |
| 008 - ELEMENTOS DE LONGITUD FIJA--INFORMACIÓN GENERAL | |
| campo de control de longitud fija | 991125n la 000 0 spa u |
| 035 ## - NÚMERO DE CONTROL DEL SISTEMA | |
| Número de control de sistema | UPN01000059595 |
| 049 ## - COLECCIÓN | |
| Colección | Acervo histórico |
| 245 #0 - MENCIÓN DE TÍTULO | |
| Título | BOLETIN INFORMATIVO - CENTRO DE DOCUMENTACION PEDAGOGICA |
| 260 ## - PUBLICACIÓN, DISTRIBUCIÓN, ETC. | |
| Lugar de publicación, distribución, etc. | La Habana, Cuba: |
| Nombre del editor, distribuidor, etc. | Centro regional de la UNESCO en el Hemisferio Occidental |
| 362 0# - FECHAS DE PUBLICACIÓN Y/O DESIGNACIÓN SECUENCIAL | |
| Fecha de publicación y/o designación secuencial | 1962 (1,2) |
| 362 0# - FECHAS DE PUBLICACIÓN Y/O DESIGNACIÓN SECUENCIAL | |
| Fecha de publicación y/o designación secuencial | 1963 (3,4,5,6) |
| 362 0# - FECHAS DE PUBLICACIÓN Y/O DESIGNACIÓN SECUENCIAL | |
| Fecha de publicación y/o designación secuencial | 1964 (7,8,9-10) |
| 362 0# - FECHAS DE PUBLICACIÓN Y/O DESIGNACIÓN SECUENCIAL | |
| Fecha de publicación y/o designación secuencial | 1965 (7,8,9-10,11-12,13) |
| 904 0# - ELEMENTOS DE DATOS D LOCAL, LDD (RLIN) | |
| a | AC |
| b | 000327 |
| 905 0# - TIPO DE MATERIAL | |
| Tipo de material | Revista |
No items available.
